000 01329nam2a22002771 4500
001 v19\rc\1500695
005 20250618200114.0
035 _a(NLR Aleph) 004687446
090 _a3889834
_c3889834
100 _a20060620d1902 |||y0rusy50 ca
101 0 _arus
102 _aRU
105 _ay z |||||
200 0 _a... за первую половину 1902 года...
_f[Сост.] члена Училищного совета Михаила Ганько
_gПолтавское уезд. земство
210 _d1902
_aБ. м.
215 _a29 с.
461 0 _1001v19\rc\1500684
_12001#$aОтчет о начальных народных училищах Полтавского уезда...$v... за первую половину 1902 года...
_93889690
_aПолтавский уезд. училищный совет
_c[Полтава
_d1882]-1907
_tОтчет о начальных народных училищах Полтавского уезда...
_v... за первую половину 1902 года...
702 1 _aГанько
_bМ.
_gМихаил
_4220
801 0 _aRU
_bNLR
_gpsbo
801 0 _aRU
_bRuMoRGB
_2psbo
801 1 _aRU
_bProSoft-M
_2rusmarc
852 _aNLR
_bЗем
_j31-1/О7
899 _aRuMoRGB (1898-1906*)
_jJ 89/744
899 _aRuMoRGB (1898-1906*)
_jJ 67/189
942 _cBOOK
980 _aNB